Many-pticle theory (Record no. 11711)

MARC details
000 -LEADER
fixed length control field 00681nam a2200241Ia 4500
003 - CONTROL NUMBER IDENTIFIER
control field IN-BaIIA
008 - FIXED-LENGTH DATA ELEMENTS--GENERAL INFORMATION
fixed length control field 211028s9999 xx 000 0 eng d
020 ## - INTERNATIONAL STANDARD BOOK NUMBER
International Standard Book Number 978-0-7503-0072-8
040 ## - CATALOGING SOURCE
Transcribing agency IIA Library
080 ## - UNIVERSAL DECIMAL CLASSIFICATION NUMBER
Universal Decimal Classification number 530.145
Item number GRO
100 ## - MAIN ENTRY--PERSONAL NAME
Personal name Gross, E. K. U
9 (RLIN) 20274
245 #0 - TITLE STATEMENT
Title Many-pticle theory
Statement of responsibility, etc. E.K.U. Gross, E. Runge and O. Heinonen.
260 ## - PUBLICATION, DISTRIBUTION, ETC.
Place of publication, distribution, etc. Bristol
Name of publisher, distributor, etc. Adam Hilger
Date of publication, distribution, etc. 1991
300 ## - PHYSICAL DESCRIPTION
Extent ix, 433p.
650 ## - SUBJECT ADDED ENTRY--TOPICAL TERM
Topical term or geographic name entry element Fermions
9 (RLIN) 20275
650 ## - SUBJECT ADDED ENTRY--TOPICAL TERM
Topical term or geographic name entry element Many-Body problem
9 (RLIN) 1542
650 ## - SUBJECT ADDED ENTRY--TOPICAL TERM
Topical term or geographic name entry element Many-Paticle theory
9 (RLIN) 20276
650 ## - SUBJECT ADDED ENTRY--TOPICAL TERM
Topical term or geographic name entry element Perturbation
9 (RLIN) 7275
650 ## - SUBJECT ADDED ENTRY--TOPICAL TERM
Topical term or geographic name entry element Quantum dynamics
9 (RLIN) 10561
700 ## - ADDED ENTRY--PERSONAL NAME
Personal name Heinonen, O.
9 (RLIN) 20277
700 ## - ADDED ENTRY--PERSONAL NAME
Personal name Runge, E.
9 (RLIN) 20278
942 ## - ADDED ENTRY ELEMENTS (KOHA)
Koha item type Books
Holdings
Withdrawn status Lost status Damaged status Not for loan Home library Current library Shelving location Date acquired Source of acquisition Cost, normal purchase price Total Checkouts Full call number Barcode Date last seen Cost, replacement price Price effective from Koha item type Purchase Price
        IIA Library-Bangalore IIA Library-Bangalore General Stacks 14/03/1996 WWB 1456.00   530.145/ GRO 12626 05/11/2021 1456.00 14/03/1996 Books Rs. 1456.00

Powered by Koha